[Event "Bhubaneswar op-A 14th"]
[Site "Bhubaneswar"]
[Date "2023.06.16"]
[Round "8"]
[White "Shashank, K."]
[Black "Midilesh, MS."]
[Result "1/2-1/2"]
[WhiteElo "1581"]
[BlackElo "1699"]
[PlyCount "70"]
[EventDate "2023.06.11"]
[EventType "swiss"]
[EventRounds "10"]
[EventCountry "IND"]
[SourceTitle "CBM 214 Extra"]
[Source "ChessBase"]
[SourceDate "2023.07.31"]
[SourceVersion "1"]
[SourceVersionDate "2023.07.31"]
[SourceQuality "1"]

1. e4 c5 2. Nc3 a6 3. g3 b5 4. Bg2 Bb7 5. Nh3 e6 6. f4 d5 7. exd5 exd5 8. 0-0 Nf6 9. g4 b4 10. Na4 Be7 11. g5 Nfd7 12. d3 0-0 13. f5 Re8 14. g6 fxg6 15. fxg6 h6 16. Nf4 Nf6 17. Ne6 Qc8 18. Nf4 Nbd7 19. Bh3 d4 20. Nb6 Qc6 21. Nbd5 Qd6 22. Qf3 Kh8 23. Bxd7 Qxd7 24. Nxf6 Bxf6 25. Qh3 Qc6 26. Ng2 Re2 27. Rf2 Re1+ 28. Rf1 Re2 29. Rf2 Rae8 30. Bf4 Re1+ 31. Rf1 Rxf1+ 32. Rxf1 Re2 33. Rf2 Re1+ 34. Rf1 Re2 35. Rf2 Re1+ 1/2-1/2

[Event "Bhubaneswar op-A 14th"]
[Site "Bhubaneswar"]
[Date "2023.06.15"]
[Round "6"]
[White "Shashank, K."]
[Black "Madhvendra, Pratap Sharma"]
[Result "0-1"]
[WhiteElo "1581"]
[BlackElo "1766"]
[PlyCount "120"]
[EventDate "2023.06.11"]
[EventType "swiss"]
[EventRounds "10"]
[EventCountry "IND"]
[SourceTitle "CBM 214 Extra"]
[Source "ChessBase"]
[SourceDate "2023.07.31"]
[SourceVersion "1"]
[SourceVersionDate "2023.07.31"]
[SourceQuality "1"]

1. e4 e6 2. d4 d5 3. e5 c5 4. c3 Nc6 5. Nf3 Qb6 6. a3 Nh6 7. b4 cxd4 8. cxd4 Nf5 9. Be3 Bd7 10. Bd3 Be7 11. Bxf5 exf5 12. Nc3 Be6 13. 0-0 h6 14. Na4 Qd8 15. Nc5 Bxc5 16. dxc5 a6 17. Nd4 0-0 18. Re1 Qd7 19. Nxc6 bxc6 20. Qd4 a5 21. Rab1 axb4 22. axb4 Qb7 23. Rb3 Kh7 24. Bd2 Ra2 25. Rg3 Rg8 26. Rh3 f4 27. Rb3 Qb5 28. Rc3 Rga8 29. Qxf4 R8a3 30. Qe3 Qxb4 31. Qd3+ Kg8 32. Rxa3 Qxa3 33. Bc3 Qxc5 34. Bd4 Qc4 35. Qe3 Rc2 36. Bb6 c5 37. Qa3 Qb4 38. Qxb4 cxb4 39. Bd4 b3 40. Rb1 Bf5 41. g4 Be4 42. f3 Bxf3 43. Rxb3 Rg2+ 44. Kf1 Rxg4 45. Bb2 Be4 46. h3 Rf4+ 47. Kg1 Bf5 48. Rb8+ Kh7 49. Rd8 Bxh3 50. Rxd5 Rf1+ 51. Kh2 Rf2+ 52. Kxh3 Rxb2 53. Kg4 Rb6 54. Kf5 g6+ 55. Kf4 Rb4+ 56. Kf3 g5 57. Rd6 Rf4+ 58. Kg3 Rf5 59. e6 fxe6 60. Rxe6 Kg7 0-1

[Event "Mumbai Wealth op 7th"]
[Site "Mumbai"]
[Date "2022.12.27"]
[Round "3"]
[White "Shashank, K."]
[Black "Mhamane, Sourabh"]
[Result "0-1"]
[WhiteElo "1434"]
[BlackElo "1717"]
[PlyCount "106"]
[EventDate "2022.12.26"]
[EventType "swiss"]
[EventRounds "9"]
[EventCountry "IND"]
[SourceTitle "EXT 2024"]
[Source "ChessBase"]
[SourceDate "2023.10.10"]
[SourceVersion "1"]
[SourceVersionDate "2023.10.10"]
[SourceQuality "1"]

1. e4 c5 2. Nc3 e6 3. f4 d5 4. Nf3 dxe4 5. Nxe4 Nc6 6. Bb5 Bd7 7. 0-0 Be7 8. c3 Nf6 9. Qe2 0-0 10. d4 cxd4 11. cxd4 Qb6 12. Nf2 Nxd4 13. Nxd4 Qxd4 14. Bxd7 Qxd7 15. Be3 Nd5 16. Rfd1 Qa4 17. f5 Nxe3 18. Qxe3 Qb5 19. fxe6 Bc5 20. Qd2 fxe6 21. Rf1 Rxf2 22. Rxf2 Rf8 23. Raf1 Qxf1+ 24. Kxf1 Rxf2+ 25. Qxf2 Bxf2 26. Kxf2 Kf7 27. Kf3 e5 28. Ke4 Ke6 29. b3 Kd6 30. Ke3 Kd5 31. g3 e4 32. a3 Ke5 33. b4 b5 34. Ke2 Kd4 35. Kd2 Kc4 36. Ke3 Kb3 37. Kxe4 Kxa3 38. Kd3 Kxb4 39. Kc2 a5 40. Kb2 Kc4 41. Kc2 g5 42. h3 Kd4 43. Kd2 Ke4 44. h4 gxh4 45. gxh4 h5 46. Kc2 Kf4 47. Kd3 Kg4 48. Kd4 Kxh4 49. Kc5 a4 50. Kb4 Kg3 51. Kxb5 a3 52. Kb4 a2 53. Kb3 a1Q 0-1

[Event "Eastern Asia-ch U12"]
[Site "Tornelo INT"]
[Date "2021.10.29"]
[Round "1"]
[White "Anup Kumar, Vihaan"]
[Black "Shashank, K."]
[Result "1-0"]
[WhiteElo "1468"]
[BlackElo "1044"]
[PlyCount "75"]
[EventDate "2021.10.29"]
[EventType "swiss"]
[EventRounds "9"]
[EventCountry "NET"]
[SourceTitle "EXT 2023"]
[Source "ChessBase"]
[SourceDate "2022.10.05"]
[SourceVersion "1"]
[SourceVersionDate "2022.10.05"]
[SourceQuality "1"]

1. d4 Nf6 2. c4 g6 3. Nc3 Bg7 4. e4 d6 5. Bd3 0-0 6. Nge2 e5 7. d5 a5 8. h3 Na6 9. Ng3 Nc5 10. 0-0 Ne8 11. f4 Qh4 12. Nge2 f5 13. fxe5 Nxd3 14. Qxd3 Bxe5 15. Bf4 fxe4 16. Qxe4 Bf5 17. Qf3 Ng7 18. Qg3 Qe7 19. Bxe5 dxe5 20. Rae1 Qc5+ 21. Kh1 Qxc4 22. Qxe5 Rae8 23. Qd4 Qa6 24. Nc1 Nh5 25. Qh4 Re3 26. N1e2 Qd3 27. Kh2 Nf6 28. Ng3 Bd7 29. Rxe3 Qxe3 30. Rxf6 Re8 31. Qf4 Qe7 32. Nce4 Bc8 33. Ng5 Bf5 34. Rf7 Qc5 35. Nxf5 gxf5 36. Qg3 f4 37. Rxf4 Kh8 38. Nf7# 1-0

[Event "Mumbai Wealth U13 op 5th"]
[Site "Mumbai"]
[Date "2020.01.05"]
[Round "7"]
[White "Bajaj, Prakhar"]
[Black "Shashank, K."]
[Result "1-0"]
[WhiteElo "1779"]
[BlackElo "1246"]
[PlyCount "131"]
[EventDate "2019.12.30"]
[EventType "swiss"]
[EventRounds "9"]
[EventCountry "IND"]
[SourceTitle "CBM 194 Extra"]
[Source "ChessBase"]
[SourceDate "2020.03.31"]
[SourceVersion "1"]
[SourceVersionDate "2020.03.31"]
[SourceQuality "1"]

1. Nf3 Nf6 2. g3 g6 3. Bg2 Bg7 4. 0-0 0-0 5. d3 d5 6. Nbd2 c5 7. e4 Nc6 8. Re1 e6 9. c3 a6 10. e5 Nd7 11. d4 cxd4 12. cxd4 b5 13. Nf1 a5 14. Bg5 f6 15. exf6 Nxf6 16. Ne5 Qb6 17. Rc1 Nxe5 18. dxe5 Ne4 19. Be3 Qd8 20. f3 Ng5 21. f4 Nf7 22. Bc5 Re8 23. Qd4 Rb8 24. Ne3 Nh6 25. Bd6 Qxd6 26. Qa7 Qb6 27. Qxb6 Rxb6 28. Rc7 Nf5 29. Nxf5 gxf5 30. Rec1 Ba6 31. Bf3 Rb7 32. R7c6 Ra7 33. Rxe6 Rxe6 34. Bxd5 Kf7 35. Rc6 Bc8 36. Rxc8 Ke7 37. Bxe6 Kxe6 38. Rb8 b4 39. Rb5 Ke7 40. h3 h5 41. Kg2 Rc7 42. g4 hxg4 43. hxg4 Rc2+ 44. Kg3 fxg4 45. Kxg4 Rxb2 46. Rxa5 b3 47. axb3 Rxb3 48. Kf5 Rh3 49. Ra7+ Kf8 50. Ke6 Rh6+ 51. Kd5 Rh4 52. f5 Rf4 53. Ke6 Kg8 54. Ra8+ Kh7 55. f6 Bh6 56. Kf7 Bg5 57. Ra1 Bh4 58. Rg1 Kh6 59. Rg6+ Kh7 60. e6 Re4 61. e7 Rxe7+ 62. fxe7 Bxe7 63. Rg1 Bg5 64. Rh1+ Bh6 65. Rh5 Kh8 66. Rxh6# 1-0

[Event "Mumbai Wealth U13 op 5th"]
[Site "Mumbai"]
[Date "2020.01.04"]
[Round "6"]
[White "Shashank, K."]
[Black "Rudrashish, Chakraborty"]
[Result "1-0"]
[WhiteElo "1246"]
[BlackElo "1508"]
[PlyCount "37"]
[EventDate "2019.12.30"]
[EventType "swiss"]
[EventRounds "9"]
[EventCountry "IND"]
[SourceTitle "CBM 194 Extra"]
[Source "ChessBase"]
[SourceDate "2020.03.31"]
[SourceVersion "1"]
[SourceVersionDate "2020.03.31"]
[SourceQuality "1"]

1. e4 e5 2. Nf3 Nc6 3. Bc4 Bc5 4. c3 Nf6 5. d4 exd4 6. cxd4 Bb4+ 7. Nc3 Nxe4 8. 0-0 Bxc3 9. d5 Bf6 10. Re1 0-0 11. Rxe4 Ne7 12. d6 Ng6 13. Qe2 b5 14. Bxf7+ Kh8 15. Bxg6 hxg6 16. Qxb5 a6 17. Qd5 Rb8 18. Bg5 Rf7 19. dxc7 1-0

[Event "Mumbai Wealth U13 op 5th"]
[Site "Mumbai"]
[Date "2020.01.02"]
[Round "4"]
[White "Shashank, K."]
[Black "Aditya, Rawat"]
[Result "1-0"]
[WhiteElo "1246"]
[BlackElo "1600"]
[PlyCount "57"]
[EventDate "2019.12.30"]
[EventType "swiss"]
[EventRounds "9"]
[EventCountry "IND"]
[SourceTitle "CBM 194 Extra"]
[Source "ChessBase"]
[SourceDate "2020.03.31"]
[SourceVersion "1"]
[SourceVersionDate "2020.03.31"]
[SourceQuality "1"]

1. e4 d5 2. exd5 Nf6 3. d4 Bg4 4. Nf3 Qxd5 5. Be2 Nc6 6. h3 Bxf3 7. Bxf3 Qd7 8. c3 e6 9. 0-0 Be7 10. Qb3 Na5 11. Qc2 0-0 12. Bg5 h6 13. Bh4 Rab8 14. Nd2 Rfd8 15. Rfe1 c5 16. Ne4 cxd4 17. Rad1 d3 18. Qb1 Nxe4 19. Bxe7 Nxc3 20. bxc3 Qxe7 21. Rxd3 Rdc8 22. Red1 Qf6 23. Qc2 Rc5 24. Be4 g6 25. Rf3 Qg7 26. Rd7 Nc6 27. Bxc6 Rxc6 28. Qe4 Rb6 29. Rfxf7 1-0